Địa chất cho kỹ sư xây dựng và môi trường
Kiến thức chung về địa chất là rất cần thiết cho sinh viên thuộc các ngành xây dựng công trình, xây dựng dân dụng và công nghiệp, giao thông, thủy lợi, ...) cùng như ngành môi trường (phòng chống ô nhiễm môi trường đất, nước ...)....
Saved in:
| Main Author: | |
|---|---|
| Format: | Book |
| Language: | Vietnamese |
| Published: |
H.
Xây dựng
2006
|
| Subjects: | |
| Tags: |
Add Tag
No Tags, Be the first to tag this record!
|
| Institutions: | Thư viện Trường Đại học Nam Cần Thơ |
|---|
| LEADER | 01250nam a22002057a 4500 | ||
|---|---|---|---|
| 001 | NCT_36361 | ||
| 008 | 180523b xxu||||| |||| 00| 0 vie d | ||
| 999 | |c 1754 |d 1754 | ||
| 020 | |c 80000 | ||
| 082 | 0 | 4 | |2 23rd ed. |a 624.151 |b U527 |
| 100 | 1 | |a Nguyễn Uyên | |
| 245 | 1 | 0 | |a Địa chất cho kỹ sư xây dựng và môi trường |c Nguyễn Uyên |
| 260 | |a H. |b Xây dựng |c 2006 | ||
| 300 | |a 484 tr. |b Minh họa |c 27cm | ||
| 520 | 3 | |a Kiến thức chung về địa chất là rất cần thiết cho sinh viên thuộc các ngành xây dựng công trình, xây dựng dân dụng và công nghiệp, giao thông, thủy lợi, ...) cùng như ngành môi trường (phòng chống ô nhiễm môi trường đất, nước ...). | |
| 653 | |a Kỹ thuật công trình xây dựng | ||
| 942 | |2 ddc |c BK | ||
| 952 | |0 0 |1 0 |2 ddc |4 0 |6 624_151000000000000_U527 |7 0 |9 8640 |a 000001 |b 000001 |d 2018-05-23 |o 624.151 U527 |p MD.11302 |r 2018-05-23 |v 80000.00 |w 2018-05-23 |y BK | ||
| 952 | |0 0 |1 0 |2 ddc |4 0 |6 624_151000000000000_U527 |7 0 |9 8641 |a 000001 |b 000001 |d 2018-05-23 |o 624.151 U527 |p MD.11303 |r 2018-05-23 |v 80000.00 |w 2018-05-23 |y BK | ||
| 980 | |a Thư viện Trường Đại học Nam Cần Thơ | ||